MARC

LEADER 00000nam0a2200000 4500
001 176468
005 20231101223258.0
035 |a (RuTPU)RU\TPU\book\191310 
090 |a 176468 
100 |a 20100301d1971 m y0rusy50 ca 
101 0 |a rus 
102 |a RU 
105 |a a z 001zb 
200 1 |a Николай Дмитриевич Брашман (1796-1866)  |f И. И. Лихолетов, Л. Е. Майстров 
210 |a Москва  |c Изд-во Московского ун-та  |d 1971 
215 |a 83 с.  |c ил. 
320 |a Список работ: с. 79-81. 
600 1 |a Брашман  |b Н. Д.  |c российский математик и механик  |c профессор Московского университета  |f 1796-1866  |g Николай Дмитриевич  |2 stltpush  |3 (RuTPU)RU\TPU\pers\13591  |9 4198 
610 1 |a математическая наука 
610 1 |a Россия 
610 1 |a 19 век 
610 1 |a история 
610 1 |a Москва 
610 1 |a университеты 
675 |a 51(092)  |v 3 
675 |a 378(09)  |v 3 
686 |a Ч483  |2 rubbk 
700 1 |a Лихолетов  |b И. И.  |g Иван Иванович 
701 1 |a Майстров  |b Л. Е.  |g Леонид Ефимович 
801 1 |a RU  |b 63413507  |c 20100301 
801 2 |a RU  |b 63413507  |c 20160209  |g RCR 
942 |c BK